000 00739nam a2200193 a 4500
005 20210219154558.0
008 030827s1998 mx r 000 0 spa d
020 _a8480882972
035 _aUPN01000128223
049 _aCG
050 4 _aHD30.255
_bR6.2
100 1 _aRodríguez-Badal, Miguel Angel
245 1 0 _aDirección medioambiental de la empresa :
_bgestión estratégica del reto medioambiental : conceptos, ideas y herramientas /
_cMiguel Angel Rodríguez-Badal, Joan Enric Ricart.
260 _aBarcelona, Esp. :
_bGestión 2000,
_c1998.
300 _a185 p. :
_btablas, figs., +
_e1 CD-ROM
650 4 _aINDUSTRIAS -
_xASPECTOS AMBIENTALES -
_xADMINISTRACION
700 1 _aRicart i Costa, Joan Enric,
_ecoaut.
905 _aLibro
999 _c100402
_d100402